000 00425nam a2200181Ia 4500
001 8163
005 20260306160549.0
008 260306t1996||||xx |||||||||||||| ||spa||
041 _aESP
082 _a370.115
_bD235
100 _aDelors, Jacques
_eAUT
245 0 _aLa educación encierra un tesoro
260 _c1996
300 _a318 páginas :
_c24 cm.
650 _aGEN
654 _aCED
942 _cLIB
_dJUS
_fJUS
_2ddc
_n
999 _c8163
_d8163